Mexico quiz - Statistics

General Stats
  • This quiz has been taken 19 times
    17 since last reset
  • The average score is 6 of 10
Answer Stats
Questions Answer % Correct
Gulf named after the country _ _ _ _ _ _ Gulf of Mexico
100%
Capital of Mexico? Mexico City
100%
One of the Oceans, Seas, that touch Mexico? Pacific / Caribbean
93%
A country that borders Mexico? United States / Guatemala / Belize
93%
What is the most famous food from Mexico? The {Taco}
87%
Peninsula south of U.S state California? {Baja} Peninsula
73%
Peninsula that makes the gulf of Mexico? Yucatan
60%
Current Mexican president in April 2024? {Andrés} Manuel López Obrador
20%
Famous festival in Mexico? Festival of the dead / Día de los Muertos
13%
Millions of people that live in Mexico? 129
7%
No matching quizzes found
Score Distribution
Percent of People with Each Score
Percentile by Number Answered
Your Score History
You have not taken this quiz since the last reset